| 000 | 00596nam a22001937a 4500 | ||
|---|---|---|---|
| 005 | 20241212110441.0 | ||
| 008 | 241212b ||||| |||| 00| 0 eng d | ||
| 040 | _cAL | ||
| 041 | _aEnglish | ||
| 082 |
_223 _a349.42 _bWAIH |
||
| 100 |
_a Karen Wain Ed _9190125 |
||
| 245 |
_aHalsburys Laws of England: _bCumulative Supplement 2001 Part 2 Volumes 20-52 |
||
| 260 |
_aLondon _bButterWorths and Co Ltd _c2001 |
||
| 300 |
_bHB _c 25X16 cm |
||
| 365 |
_a1061 _b₹4962.80 _c₹ _d₹6845.24 _e27% _f28-11-2024 |
||
| 440 |
_aPart 2 Volumes 20-52 _9190126 |
||
| 650 |
_aLaw _9190127 |
||
| 942 |
_2ddc _cBI |
||
| 999 |
_c232652 _d232652 |
||